<?xml version="1.0" encoding="UTF-8"?>
<collection xmlns="http://www.loc.gov/MARC21/slim">
 <record>
  <leader>01374pamaa2200241   4500</leader>
  <controlfield tag="001">0000048183</controlfield>
  <controlfield tag="005">20130117090000.0</controlfield>
  <controlfield tag="008">101103                             eng  </controlfield>
  <datafield tag="020" ind1="0" ind2="0">
   <subfield code="a">9780803611344 / 080361134x (pbk.) </subfield>
  </datafield>
  <datafield tag="090" ind1="0" ind2="0">
   <subfield code="a">RM700 </subfield>
   <subfield code="b">BEH 2006</subfield>
  </datafield>
  <datafield tag="100" ind1="1" ind2="0">
   <subfield code="a">Behrens </subfield>
  </datafield>
  <datafield tag="245" ind1="1" ind2="0">
   <subfield code="a">Physical agents : </subfield>
   <subfield code="b">theory and practice  </subfield>
   <subfield code="c">Barbara J. Behrens, Susan L. Michlovitz.</subfield>
  </datafield>
  <datafield tag="250" ind1="0" ind2="0">
   <subfield code="a">2nd ed.</subfield>
  </datafield>
  <datafield tag="260" ind1="0" ind2="0">
   <subfield code="a">Philadelphia: </subfield>
   <subfield code="b">F.A. Davis Co., </subfield>
   <subfield code="c">2006.</subfield>
  </datafield>
  <datafield tag="300" ind1=" " ind2=" ">
   <subfield code="a">xiii, 274 p.: </subfield>
   <subfield code="b">ill.; </subfield>
   <subfield code="c">28 cm.</subfield>
  </datafield>
  <datafield tag="501" ind1="0" ind2="0">
   <subfield code="a">BPHMI</subfield>
  </datafield>
  <datafield tag="504" ind1="0" ind2="0">
   <subfield code="a">Includes bibliographical references and index</subfield>
  </datafield>
  <datafield tag="505" ind1="0" ind2="0">
   <subfield code="a">Tissue response to injury -- Patient responses to therapeutic interventions -- Therapeutic heat and cold -- Therapeutic ultrasound -- Aquatics and hydrotherapy -- Soft tissue treatment techniques: traction -- Soft tissue management techniques: edema management -- Foundations of electrical stimulation -- Electrodes: materials and care -- Neuromuscular electrical stimulation -- Electrical stimulation for tissue repair -- Pain management with&#13;
 electrical stimulation -- Physical agents for transdermal drug delivery: iontophoresis and phonophoresis -- Integration of physical agents: clinical decision making</subfield>
  </datafield>
  <datafield tag="650" ind1="0" ind2="0">
   <subfield code="a">Physical therapy </subfield>
  </datafield>
  <datafield tag="650" ind1="0" ind2="0">
   <subfield code="a">Physical Therapy Techniques </subfield>
  </datafield>
  <datafield tag="650" ind1="0" ind2="0">
   <subfield code="a">Physical therapy assistants </subfield>
  </datafield>
  <datafield tag="700" ind1="1" ind2="1">
   <subfield code="a">Michlovitz, </subfield>
   <subfield code="h">Susan L. </subfield>
  </datafield>
  <datafield tag="901" ind1=" " ind2=" ">
   <subfield code="u">www.fadavis.com</subfield>
  </datafield>
 </record>
</collection>
